Nuestra democracia / (Registro nro. 5147)
[ vista simple ]
| 000 -LEADER | |
|---|---|
| fixed length control field | 01553nam a2200301Ia 4500 |
| 003 - CONTROL NUMBER IDENTIFIER | |
| control field | OSt |
| 005 - DATE AND TIME OF LATEST TRANSACTION | |
| control field | 20200407003212.0 |
| 008 - FIXED-LENGTH DATA ELEMENTS--GENERAL INFORMATION | |
| fixed length control field | 191128s2010 mx gr 000 0 spa d |
| 020 ## - INTERNATIONAL STANDARD BOOK NUMBER | |
| International Standard Book Number | 9786071604484 |
| 040 ## - CATALOGING SOURCE | |
| Original cataloging agency | CO-JMCR |
| Transcribing agency | CO-JMCR |
| 041 0# - LANGUAGE CODE | |
| Language code of text/sound track or separate title | spa |
| 082 04 - DEWEY DECIMAL CLASSIFICATION NUMBER | |
| Classification number | 321.8 / |
| Item number | N964n |
| Edition number | 21 |
| 110 1# - MAIN ENTRY--CORPORATE NAME | |
| Corporate name or jurisdiction name as entry element | Colombia. Programa de las Naciones Unidas para el Desarrollo |
| 9 (RLIN) | 2598 |
| 245 10 - TITLE STATEMENT | |
| Title | Nuestra democracia / |
| Statement of responsibility, etc. | Programa de las Naciones Unidas para el Desarrollo y Secretaría General de la Organización de los Estados Americanos. |
| 250 ## - EDITION STATEMENT | |
| Edition statement | Primera edición |
| 260 ## - PUBLICATION, DISTRIBUTION, ETC. | |
| Place of publication, distribution, etc. | México : |
| Name of publisher, distributor, etc. | Fondo de Cultura Económica, |
| Date of publication, distribution, etc. | 2010 |
| 300 ## - PHYSICAL DESCRIPTION | |
| Extent | 258 páginas ; |
| Dimensions | 26 cm. |
| 490 0# - SERIES STATEMENT | |
| Series statement | Sección de obras de sociología |
| 504 ## - BIBLIOGRAPHY, ETC. NOTE | |
| Bibliography, etc. note | Bibliografía: páginas 199-206 |
| 505 0# - FORMATTED CONTENTS NOTE | |
| Formatted contents note | El punto de partida -- Difusión de la ciudadanía y la sociedad de bienestar -- Un balance de los logros y falencias de la democracia latinoamericana -- Déficits de la democracia latinoamericana -- Tres políticas públicas prioritarias |
| 520 ## - SUMMARY, ETC. | |
| Summary, etc. | La democracia en América Latina ha vivido el periodo más prolongado de regímenes democráticos y designación de autoridades mediante elecciones. Pero hay un problema de calidad de nuestras democracias. |
| 650 14 - SUBJECT ADDED ENTRY--TOPICAL TERM | |
| Topical term or geographic name entry element | Democracia |
| Geographic subdivision | América Latina |
| 9 (RLIN) | 2599 |
| 650 14 - SUBJECT ADDED ENTRY--TOPICAL TERM | |
| Topical term or geographic name entry element | Desarrollo humano |
| Geographic subdivision | América Latina |
| 9 (RLIN) | 2600 |
| 650 14 - SUBJECT ADDED ENTRY--TOPICAL TERM | |
| Topical term or geographic name entry element | Política pública |
| Geographic subdivision | América Latina |
| 9 (RLIN) | 2601 |
| 650 14 - SUBJECT ADDED ENTRY--TOPICAL TERM | |
| Topical term or geographic name entry element | Desigualdad |
| Geographic subdivision | América Latina |
| 9 (RLIN) | 2602 |
| 710 2# - ADDED ENTRY--CORPORATE NAME | |
| Corporate name or jurisdiction name as entry element | Secretaría General de la Organización de los Estados Americanos |
| 9 (RLIN) | 2603 |
| 942 ## - ADDED ENTRY ELEMENTS (KOHA) | |
| Source of classification or shelving scheme | Dewey Decimal Classification |
| Koha item type | Books |
| Withdrawn status | Lost status | Source of classification or shelving scheme | Damaged status | Not for loan | Collection code | Home library | Current library | Date acquired | Source of acquisition | Cost, normal purchase price | Total Checkouts | Full call number | Barcode | Date last seen | Copy number | Koha item type |
|---|---|---|---|---|---|---|---|---|---|---|---|---|---|---|---|---|
| Dewey Decimal Classification | Non-fiction | Biblioteca Pública José María del Castillo y Rada | Biblioteca Pública José María del Castillo y Rada | 04/15/2018 | Donación | 0.00 | 321.8 / N964n | 430001369 | 05/16/2024 | Ej.1 | Books |